000
00293nam a2200133Ia 4500
008
191201s2010 xx 000 0 und d
100
_a
Sedra, Adel S
245
0
_a
Microelectronics
250
_a
5th
260
_c
2010
_b
Oxford
_a
N. delhi
300
_a
MISC
650
_a
ECE
942
_2
ddc
_c
BB
999
_c
7377
_d
7377